00631 2200217 4500001002100000005001500021035002000036245010400056100003400160250000600194300003500200700001600235260004700251082000800298084001400306020002200320650002000342990001700362990001700379990001700396INLIS00000000000106820190427121217 a0010-04190000771 aBuku Seri Akhlak Mulia :bMengukir Jati Diri /cProf. Dr. Achmad Mubarok, M.A; Ediitor, Dewi Astuti0 aProf. Dr. Achmad Mubarok, M.A a- avi, 58 hlm. :bilus. ;c25 cm.0 aDewi Astuti aBandung :bPT Imperial Bhakti Utama,c2008 a813 a813 ACH b a978-602-8147-22-4 aFiksi Indonesia a03918/P/2018 a03919/P/2018 a03920/P/2018